Elektrochemické senzory na báze nemodifikovaných a zlatými nanočasticami modifikovaných bórom dopovaných diamantových elektród
Gespeichert in:
| 1. Verfasser: | |
|---|---|
| Weitere Verfasser: | |
| Format: | Manuskript Buch |
| Sprache: | Slowakisch |
| Veröffentlicht: |
2022
|
| Schlagworte: | |
| Online-Zugang: | http://is.stuba.sk/zp/portal_zp.pl?podrobnosti=163694 |
| Tags: |
Keine Tags, Fügen Sie das erste Tag hinzu!
|
MARC
| LEADER | 00000ntm a22000003a 4500 | ||
|---|---|---|---|
| 001 | stuzp90390 | ||
| 003 | SK-STU | ||
| 005 | 20220604210843.2 | ||
| 007 | ta | ||
| 008 | 150427s2015----xo-----f-mn---000-0-slo-d | ||
| 040 | |a STU |b slo | ||
| 041 | 0 | |a slo | |
| 100 | 1 | |a Štefčáková, Miroslava |u 041000 |4 aut |U FCHPT Fakulta chemickej a potravinárskej technológie |T FCHPT Ústav analytickej chémie |X 91966 |U C1000 |Y 99 |7 91966 | |
| 242 | 0 | 1 | |a Electrochemical sensors based on unmodified and gold nanoparticles modified boron-doped diamond electrodes |y eng |
| 245 | 1 | 0 | |a Elektrochemické senzory na báze nemodifikovaných a zlatými nanočasticami modifikovaných bórom dopovaných diamantových elektród |
| 260 | |c 2022 | ||
| 650 | 4 | |a bórom dopovaná diamantová elektróda |2 slo | |
| 650 | 4 | |a nanočastice zlata |2 slo | |
| 650 | 4 | |a dopamín |2 slo | |
| 650 | 4 | |a citlivosť |2 slo | |
| 650 | 4 | |a medza detekcie |2 slo | |
| 650 | 4 | |a boron-doped diamond electrode |2 eng | |
| 650 | 4 | |a gold nanoparticles |2 eng | |
| 650 | 4 | |a dopamine |2 eng | |
| 650 | 4 | |a sensitivity |2 eng | |
| 650 | 4 | |a limit of detection |2 eng | |
| 700 | 1 | |a Švorc, Ľubomír |u 041000 |k Z1 |4 ths |U FCHPT Fakulta chemickej a potravinárskej technológie |T FCHPT Ústav analytickej chémie |X 19350 |U C1000 |Y 99 |7 A000019350 | |
| 856 | 4 | |u http://is.stuba.sk/zp/portal_zp.pl?podrobnosti=163694 | |